| 000 | 02140cam a22005177i 4500 | ||
|---|---|---|---|
| 001 | 13627029 | ||
| 003 | EG-ScBUE | ||
| 005 | 20221128112953.0 | ||
| 006 | m||||fq||h 00| 0 | ||
| 008 | 040617s2004 gw a f b 001 0 eng d | ||
| 020 | _a3540211403 (hd.bd.) | ||
| 020 | _a9773540211403 | ||
| 035 | _a(CStRLIN)NYUGB12989880-B | ||
| 035 | _a(NYU)NYUb12989880 | ||
| 035 | _a(OCoLC)ocm56492196 | ||
| 040 |
_aOHX _beng _erda _cOHX _dAZS _dCStRLIN _dDLC _dEG-ScBUE |
||
| 041 | 1 |
_aeng _hger |
|
| 082 | 0 | 4 |
_a778.36 _222 _bJAC |
| 100 | 1 |
_aJacobs, Corinna, _eauthor. |
|
| 240 | 1 | 0 |
_aDigitale Panoramen. _lEnglish |
| 245 | 1 | 0 |
_aInteractive panoramas : _btechniques for digital panoramic photography / _cCorinna Jacobs. |
| 264 | 1 |
_aBerlin : _bSpringer, _c2004. |
|
| 300 |
_axiii, 248 pages : _billustrations (some color) ; _c25 cm + _e1 CD |
||
| 336 |
_2rdacontent _atext _btxt |
||
| 336 |
_2rdacontent _asounds _bsnd |
||
| 337 |
_2rdamedia _aunmediated _bn |
||
| 337 |
_2rdamedia _aaudio _bs |
||
| 338 |
_2rdacarrier _avolume _bnc |
||
| 338 |
_2rdacarrier _acomputer disc _bcd |
||
| 500 | _aTranslated from the first edition of the German 'Digitale Panoramen' (Springer-Verlag 2004, ISBN 3-540-00300-2) by Jeff Parrish, Göppingen, Germany. Updated by the author"--T.p. verso. | ||
| 504 | _aIncludes bibliographical references and index. | ||
| 546 | _aText in English ; translated from the original Germany. | ||
| 650 | 7 |
_aPhotography, Panoramic. _2BUEsh |
|
| 650 | 7 |
_aPhotography _xDigital techniques. _2BUEsh |
|
| 650 | 7 |
_aInteractive multimedia. _2BUEsh |
|
| 653 |
_bART _cMarch2022 |
||
| 655 | _vReading book | ||
| 856 | 4 | 1 |
_3Table of contents _uhttp://www.loc.gov/catdir/toc/fy055/2004109053.html |
| 856 | 4 | 2 |
_3Contributor biographical information _uhttp://www.loc.gov/catdir/enhancements/fy0818/2004109053-b.html |
| 856 | 4 | 2 |
_3Publisher description _uhttp://www.loc.gov/catdir/enhancements/fy0818/2004109053-d.html |
| 906 |
_a7 _bcbc _cpccadap _d2 _eepcn _f20 _gy-gencatlg |
||
| 942 |
_2ddc _cBB |
||
| 999 |
_c30050 _d30021 |
||